| 000 | 00433nam a2200181Ia 4500 | ||
|---|---|---|---|
| 005 | 20251020182528.0 | ||
| 008 | 200515s9999 xx 000 0 und d | ||
| 082 | _a694.5/.7/H22 | ||
| 100 | _aHARRIS, Edward | ||
| 245 | 0 | _aEbanistería y carpintería de la construcción | |
| 260 | _aMéxico, D.F. | ||
| 260 | _c1971 | ||
| 500 | _a1 ejemplar | ||
| 650 | _aCARPINTERIA | ||
| 650 | _aEBANISTERIA | ||
| 650 | _aLIB | ||
| 942 | _cLIB | ||
| 999 |
_c1969 _d1969 |
||